000
00329nam a2200157Ia 4500
100
_a
Zikanov
650
_a
Fluid dynamics
942
_c
BK
366
_f
20
654
_a
Fluid dynamics
245
_a
Essential computational Fluid dynamics
260
_b
#N/A
082
_b
ZIK
546
_a
ENGLISH
_c
Info.Tech
999
_c
34621
_d
34621